Star Wars: The Clone Wars: Jedi by Picture - Statistics

General Stats
  • This quiz has been taken 703 times
  • The average score is 24 of 64
Answer Stats
Picture Answer % Correct
Ahsoka Tano
91%
Anakin Skywalker
90%
Obi-Wan Kenobi
90%
Yoda
90%
Mace Windu
89%
Qui-Gon Jinn
88%
Kit Fisto
86%
Ki-Adi-Mundi
84%
Plo Koon
84%
Count Dooku
81%
Asajj Ventress
78%
Barriss Offee
77%
Luminara Unduli
77%
Shaak Ti
77%
Yaddle
77%
Pong Krell
72%
Aayla Secura
68%
The Grand Inquisitor
66%
Quinlan Vos
59%
Caleb Dume
55%
Eeth Koth
55%
Even Piell
51%
Jocasta Nu
49%
Adi Gallia
46%
Depa Billaba
41%
Saesse Tiin
41%
Gungi
38%
Ima-Gun Di
37%
Nahdar Vebb
36%
Sifo-Dyas
36%
Oppo Rancisis
34%
Tiplar
34%
Tiplee
31%
Marrok
25%
Lyn Rakish
24%
Tera Sinube
24%
Cin Drallig
20%
Bolla Ropal
17%
Coleman Kcaj
15%
Halsey
12%
Petro
12%
Knox
11%
Kalifa
10%
Katooni
10%
Ord Enisence
9%
Byph
7%
Zatt
7%
Dante
6%
Ganodi
6%
Katri
6%
Ky Narec
6%
Jinx
5%
O-Mer
5%
Ahmar
3%
Finn Ertay
3%
Roo-Roo Page
3%
Sora Bulq
3%
Wee Dunn
3%
Eekar Oki
2%
Rig Nema
2%
Thongla Jur
2%
Ran Deezy
1%
Zinn Toa
1%
Farn Klin
0%
No matching quizzes found
Score Distribution
Percent of People with Each Score
Percentile by Number Answered
Your Score History
You have not taken this quiz